Best Selling PlayStation 4 Games - Statistics

General Stats
  • This quiz has been taken 27 times
  • The average score is 4 of 33
Answer Stats
Copies Sold Game Title % Correct
19.5 Million God of War
70%
1 Million FIFA 17
30%
16 Million Uncharted 4: A Thief's End
30%
13.2 Million Marvel's Spider-Man
26%
1.3 Million Battlefield 1
22%
2 Million Bloodborne
22%
8 Million Ghost of Tsushima
22%
2.02 Million Grand Theft Auto V
22%
10 Million Horizon Zero Dawn
22%
3.2 Million Detroit: Become Human
13%
17 Million Minecraft: PlayStation 4 Edition
13%
10 Million The Last of Us Part II
13%
10 Million The Last of Us Remastered
13%
5 Million Final Fantasy VII Remake
9%
2.5 Million Final Fantasy XV
9%
1.14 Million Gran Turismo Sport
9%
6 Million inFamous Second Son
9%
1 Million Kingdom Hearts III
9%
2 Million Knack
9%
8.42 Million Star Wars Battlefront
9%
2.5 Million Crash Bandicoot N. Sane Trilogy
4%
3.83 Million Cyberpunk 2077
4%
1.3 Million Dragon Quest XI: Echoes of an Elusive Age
4%
2 Million Driveclub
4%
1 Million Final Fantasy XII: The Zodiac Age
4%
2.1 Million Killzone: Shadow Fall
4%
4.67 Million Monster Hunter: World
4%
1 Million Nioh
4%
1.4 Million Nioh 2
4%
1.8 Million Persona 5 Royal
4%
10.8 Million The Witcher 3: Wild Hunt
4%
1.1 Million Metal Gear Sold V: The Phantom Pain
0%
1.6 Million Neir: Automata
0%
No matching quizzes found
Score Distribution
Percent of People with Each Score
Percentile by Number Answered
Your Score History
You have not taken this quiz